| 000 | 01144nam a22002655a 4500 | ||
|---|---|---|---|
| 003 | OSt | ||
| 005 | 20170412112834.0 | ||
| 008 | 170410s2016 ua frb 000 0 ara d | ||
| 020 | _a9789770480014 | ||
| 040 |
_aEG-ScBUE _bara _cEG-ScBUE |
||
| 043 |
_af-ua--- _ae-fr--- |
||
| 082 | 0 | 4 |
_a344.04633 _bف ت ح _222 |
| 100 | 1 | _aفتح الباب، محمد ربيع. | |
| 245 | 1 | 2 |
_aالمسؤولية المدنية للدولة عن أضرار التلوث الإشعاعي النووي : _bدراسة مقارنة / _cمحمد ربيع فتح الباب. |
| 260 |
_aالقاهرة : _bدار النهضة العربية، _c2016. |
||
| 300 |
_a433 ص. ؛ _c24 سم. |
||
| 504 | _aيشتمل على إرجاعات ببليوجرافية. | ||
| 650 | 7 |
_aالتلوث الإشعاعي _xقوانين وتشريعات _zمصر. _2BUEsh |
|
| 650 | 7 |
_aالمسئولية المدنية _zمصر. _941063 _2BUEsh |
|
| 650 | 7 |
_aالتلوث الإشعاعي _xقوانين وتشريعات _zفرنسا. _2BUEsh |
|
| 650 | 7 |
_aالمسئولية المدنية _zفرنسا. _2BUEsh _941093 |
|
| 651 | _2BUEsh | ||
| 653 |
_bLLAAWW _cApril2017 |
||
| 942 | _2ddc | ||
| 999 |
_c24656 _d24628 |
||